[Event "LSS RC-2008-0-00013"]
[Site "LSS email"]
[Date "2008.10.02"]
[Round "?"]
[White "Callis, Tracy"]
[Black "Jordaan, Wayne"]
[Result "0-1"]
[WhiteElo "1730"]
[BlackElo "1712"]
[PlyCount "72"]
[EventDate "2008.09.10"]
[EventType "tourn (corr)"]
[EventRounds "6"]
[EventCountry "GER"]
[SourceTitle "Corr 2011"]
[Source "ChessBase"]
[SourceDate "2010.08.31"]
[SourceVersion "1"]
[SourceVersionDate "2010.08.31"]
[SourceQuality "1"]

1. d4 d5 2. c4 e6 3. Nc3 Nf6 4. Nf3 Be7 5. Bg5 h6 6. Bh4 0-0 7. e3 b6 8. Be2 Bb7 9. Bxf6 Bxf6 10. cxd5 exd5 11. b4 c6 12. 0-0 a5 13. a3 Nd7 14. Qb3 Re8 15. Bd3 b5 16. Rad1 Nb6 17. e4 axb4 18. axb4 dxe4 19. Nxe4 Be7 20. Nc5 Bxc5 21. bxc5 Nd5 22. Ne5 f6 23. Nf3 Bc8 24. Rfe1 Be6 25. Bg6 Bf7 26. Bxf7+ Kxf7 27. Nd2 Ra7 28. h3 Rae7 29. Rxe7+ Qxe7 30. Ra1 Qe2 31. Nf3 Re7 32. Ra6 Qe6 33. Qd1 g5 34. Qd3 Kg7 35. Qd2 h5 36. Kh2 b4 0-1

[Event "LSS RC-2008-0-00013"]
[Site "LSS email"]
[Date "2008.10.02"]
[Round "?"]
[White "Callis, Tracy"]
[Black "Kis Kos, Laszlo"]
[Result "0-1"]
[WhiteElo "1730"]
[BlackElo "1585"]
[PlyCount "74"]
[EventDate "2008.09.10"]
[EventType "tourn (corr)"]
[EventRounds "6"]
[EventCountry "GER"]
[SourceTitle "Corr 2011"]
[Source "ChessBase"]
[SourceDate "2010.08.31"]
[SourceVersion "1"]
[SourceVersionDate "2010.08.31"]
[SourceQuality "1"]

1. d4 Nf6 2. c4 g6 3. f3 Nc6 4. e4 Bg7 5. Nc3 d6 6. Be3 0-0 7. Qd2 a6 8. g4 e5 9. d5 Nd4 10. 0-0-0 c5 11. h4 b5 12. h5 Qa5 13. Kb1 bxc4 14. Bxc4 Qb4 15. Bd3 Rb8 16. Ka1 Bd7 17. Rh2 Qa5 18. Bc2 Rb7 19. hxg6 fxg6 20. Rc1 Rb4 21. Bh6 Bxh6 22. Qxh6 Rxb2 23. Kxb2 Rb8+ 24. Bb3 c4 25. Nge2 cxb3 26. a3 Nxf3 27. Rh3 Bxg4 28. Rg3 Bh5 29. Qe3 Nd7 30. Qa7 Nd2 31. Qxd7 Nc4+ 32. Kb1 Nxa3+ 33. Kb2 Nc4+ 34. Kb1 Rf8 35. Qa4 Qxa4 36. Nxa4 Bxe2 37. Ka1 Rb8 0-1

[Event "LSS RC-2008-0-00013"]
[Site "LSS email"]
[Date "2008.10.02"]
[Round "?"]
[White "Lorenzo, Alfredo"]
[Black "Callis, Tracy"]
[Result "1/2-1/2"]
[WhiteElo "1803"]
[BlackElo "1730"]
[PlyCount "65"]
[EventDate "2008.09.10"]
[EventType "tourn (corr)"]
[EventRounds "6"]
[EventCountry "GER"]
[SourceTitle "Corr 2013"]
[Source "ChessBase"]
[SourceDate "2012.11.12"]
[SourceVersion "1"]
[SourceVersionDate "2012.11.12"]
[SourceQuality "1"]

1. e4 e6 2. f4 d5 3. e5 c5 4. Nf3 Nc6 5. c3 Nh6 6. Be2 Nf5 7. Na3 a6 8. Nc2 h5 9. d4 b5 10. 0-0 c4 11. Ng5 g6 12. b3 Be7 13. Ne3 Qa5 14. Nxf5 exf5 15. Bd2 Be6 16. Qe1 Kd7 17. Qf2 Qc7 18. Qe3 Bxg5 19. fxg5 Na5 20. Rfb1 Rhb8 21. Bc1 Rc8 22. Kh1 Ke8 23. b4 Nc6 24. a4 Ra7 25. Qf4 Kf8 26. a5 Kg7 27. Qh4 Qe7 28. Be3 Rd7 29. Rf1 Rf8 30. Kg1 Rb7 31. Kf2 Ra8 32. Ke1 Rab8 33. Rg1 1/2-1/2

[Event "IECG CB.2006.0.00167 email"]
[Site "IECG email"]
[Date "2006.12.24"]
[Round "?"]
[White "Callis, Tracy"]
[Black "Blittkowsky, Ralf"]
[Result "1-0"]
[WhiteElo "1900"]
[BlackElo "1903"]
[PlyCount "21"]
[EventDate "2006.12.24"]
[EventType "tourn (corr)"]
[EventRounds "6"]
[SourceTitle "Corr 2024"]
[Source "ChessBase"]
[SourceDate "2023.10.19"]
[SourceVersion "1"]
[SourceVersionDate "2023.10.19"]
[SourceQuality "1"]

1. d4 Nf6 2. c4 e6 3. Nc3 Bb4 4. f3 0-0 5. a3 Bxc3+ 6. bxc3 c5 7. e4 d5 8. cxd5 Qa5 9. Bd2 exd5 10. c4 Qd8 11. cxd5 1-0

[Event "IECG CB.2006.0.00167 email"]
[Site "IECG email"]
[Date "2006.12.24"]
[Round "?"]
[White "Callis, Tracy"]
[Black "Wittal, Werner"]
[Result "0-1"]
[WhiteElo "1900"]
[BlackElo "1863"]
[PlyCount "66"]
[EventDate "2006.12.24"]
[EventType "tourn (corr)"]
[EventRounds "6"]
[SourceTitle "Corr 2011"]
[Source "ChessBase"]
[SourceDate "2010.08.31"]
[SourceVersion "1"]
[SourceVersionDate "2010.08.31"]
[SourceQuality "1"]

1. d4 Nf6 2. c4 Nc6 3. Nc3 e5 4. d5 Ne7 5. e4 Ng6 6. h4 h5 7. Bd3 Bc5 8. Bg5 d6 9. Nge2 a6 10. b4 Ba7 11. 0-0 Qd7 12. c5 dxc5 13. b5 Nh7 14. bxa6 Nxg5 15. axb7 Nf3+ 16. gxf3 Bxb7 17. Bb5 c6 18. dxc6 Bxc6 19. Qxd7+ Kxd7 20. Rfd1+ Kc7 21. Nd5+ Bxd5 22. exd5 Rad8 23. Rd3 Nxh4 24. Ng3 f5 25. a4 Rh6 26. Kf1 Kd6 27. Rb1 Rb8 28. Rc1 Rf8 29. Rb3 Rh7 30. Bc4 g6 31. Ne2 Rb8 32. Re3 Rb4 33. a5 Rhb7 0-1

[Event "IECG CB.2006.0.00165 email"]
[Site "IECG email"]
[Date "2006.11.08"]
[Round "?"]
[White "Bhandarkar, Dinesh"]
[Black "Callis, Tracy"]
[Result "0-1"]
[WhiteElo "1986"]
[BlackElo "1900"]
[PlyCount "58"]
[EventDate "2006.11.08"]
[EventType "tourn (corr)"]
[EventRounds "6"]
[SourceTitle "Corr 2011"]
[Source "ChessBase"]
[SourceDate "2010.08.31"]
[SourceVersion "1"]
[SourceVersionDate "2010.08.31"]
[SourceQuality "1"]

1. e4 e6 2. d4 d5 3. e5 c5 4. c3 Qb6 5. Nf3 Bd7 6. Be2 Nc6 7. 0-0 Nh6 8. Na3 cxd4 9. cxd4 Nf5 10. Nc2 Be7 11. Qd3 0-0-0 12. Bd2 f6 13. Rfc1 Kb8 14. a3 g5 15. b4 g4 16. b5 gxf3 17. bxc6 fxe5 18. cxd7 e4 19. Qb5 fxe2 20. Qxe2 Qd6 21. Rab1 Rhg8 22. Nb4 Nxd4 23. Na6+ Ka8 24. Rc8+ Rxc8 25. dxc8Q+ Rxc8 26. Qe3 Nf5 27. Qb3 Qxa6 28. Bf4 Nd4 29. Qh3 Ne2+ 0-1